| 000 | 00982 a2200229 4500 | ||
|---|---|---|---|
| 003 | Nust | ||
| 005 | 20170207154031.0 | ||
| 010 | _a 2001055245 | ||
| 020 | _a1580533159 (alk. paper) | ||
| 040 | _cNust | ||
| 082 | 0 | 0 | _a658.312 |
| 100 | 1 | _aStone, David E. | |
| 245 | 1 | 0 |
_aPlanning and design for high-tech Web-based training (E-BOOK) _cDavid E. Stone, Constance L. Koskinen. |
| 260 |
_aBoston : _bArtech House, _cc2002. |
||
| 300 |
_axx, 239 p. : _bill. ; _c24 cm. |
||
| 440 | 0 | _aArtech House technology management and professional development library | |
| 505 | _aPart 1 Phase 1: The analysis (Page-1) Part II Phase 2: Strategic planning (Page-41) Part III Phase 3: WBT development (Page-97) Part IV Phase 4: WBT deployment (Page-147) Part V Postproduction (Page-167) Part VI The future (Page-193) | ||
| 650 | 0 |
_aEmployees _xComputer-assisted instruction. |
|
| 650 | 0 |
_aEmployees _xTraining of _xComputer network resources. |
|
| 651 | _aE-BOOK | ||
| 700 | 1 | _aKoskinen, Constance L. | |
| 942 |
_2ddc _cBK |
||
| 999 |
_c192182 _d192182 |
||